Personnage stranger things #1 - Statistiques

Statistiques générales
  • Ce quiz a été pris 58 fois
  • Le résultat moyen est 15 sur 16
Statistiques - réponses
Par images Réponse % Correct
Max
100%
Onze/elf/jane
100%
Will
100%
Mike
98%
Nancy
98%
Billy
96%
Jonathan
96%
Demogorgon
94%
Dustin
94%
Henry/vecna/m.quiproquo/un/1
94%
Hopper
94%
Lucas
92%
Steve
92%
Erica
91%
Joyce
91%
Robin
91%
Aucun quiz correspondant
Distribution des résultats
% des personnes avec chaque résultat
Percentile par nombre de réponses
Votre historique - résultats
Vous n’avez pas pris ce quiz